000 00564nam a22001817a 4500
005 20251127114416.0
008 251121b |||||||| |||| 00| 0 eng d
020 _a978-81-19613-06-9
041 _aeng
082 _a507 SRI-F
100 _aSRIVASTAVA, PROF BAJARANG BALI LAL TIBYEHABWA, MR. REVELIAN RUSIKILE
_98767
245 _aFUNDAMENTAL LABORATORY GUIDE BOOK - FOR UNIVERSITY STUDENTS IN NATURAL SCIENCE
250 _a1ST ED, 2024
260 _aNEW DELHI
_bINNOVATION PUBLICATION
_c2024
300 _a215;P
650 _aPHARMACY
_xB.PHARMA
942 _cBK
999 _c8942
_d8940